Statistics for Former Country Names

Click here to take the quiz!

General Stats

  • This quiz has been taken 91 times
  • The average score is 25 of 37

Answer Stats

Former NameCountries% Correct
PersiaIran
98%
SiamThailand
93%
East PakistanBangladesh
91%
CeylonSri Lanka
91%
Ottoman EmpireTurkey
90%
MesopotamiaIraq
89%
Weimar RepublicGermany
86%
Southern RhodesiaZimbabwe
86%
ZaireCongo
85%
Northern RhodesiaZambia
84%
Dutch East IndiesIndonesia
83%
AbyssiniaEthiopia
80%
DarfourSudan
80%
KampucheaCambodia
79%
British HondurasBelize
76%
Dutch GuianaSuriname
75%
United Arab RepublicEgypt or Syria
74%
German Southwest AfricaNamibia
74%
Gold CoastGhana
73%
RSFSRRussia
71%
Upper VoltaBurkina Faso
66%
French SudanMali
66%
Trucial StatesUnited Arab Emirates
65%
French SomalilandDjibouti
61%
Spanish East IndiesPhilippines
59%
New SpainMexico
58%
DahomeyBenin
53%
BechuanalandBotswana
53%
Gilbert IslandsKiribati
51%
NyasalandMalawi
48%
New HebridesVanuatu
48%
BatusolandLesotho
40%
Ellice IslandsTuvalu
38%
Ubangi-ShariCentral African Republic
36%
BessarabiaMoldova
33%
Batavian RepublicNetherlands
31%
New GranadaColombia
23%

Score Distribution

Percentile by Number Answered

Percent of People with Each Score

Your Score History

You have not taken this quiz